000 00376cam a22001217a 4500
008 180718b1986 xxu||||| |||| 00| 0 eng d
082 _aA81x54 In2/81/4/Pt 5 A & B
100 _aCensus of India 1981
245 _aBihar: migration tables
260 _aDelhi
_bController of Publications
_c1986
300 _a549+p.
440 _aCensus of India 1981. Series-4, Bihar. Part-V A & B
999 _c481963
_d481963